Journal of the Singapore Polytechnic Engineering Society.

שמור ב:
מידע ביבליוגרפי
מחבר תאגידי: Singapore Polytechnic. Engineering Society
פורמט: סדרון
שפה:English
יצא לאור: [Singapore : Singapore Polytechnic, Engineering Society, 1964-1979]
נושאים:
LEADER 01081nas a2200277 a 4500
001 c000152707
003 CARM
005 20020205155242.0
008 880801d19641979si ar 0 0 0eng
019 1 |a 6982428  |5 LACONCORD2021 
035 |a (OCoLC)1785728  |5 LACONCORD2021 
043 |a a-si--- 
245 0 0 |a Journal of the Singapore Polytechnic Engineering Society. 
260 |a [Singapore :  |b Singapore Polytechnic, Engineering Society,  |c 1964-1979] 
300 |a v. :  |b ill. ;  |c 26 cm. 
321 |a annual. 
362 0 |a Vol.1-vol.16, 1963/64-1978/79. 
610 2 0 |a Singapore Polytechnic Engineering Society  |x Periodicals. 
650 0 |a Engineering  |z Singapore  |x Periodicals. 
710 2 |a Singapore Polytechnic.  |b Engineering Society. 
852 8 |b CARM  |h A3:AB11E5  |i D00674  |p 0045029  |f SE 
866 0 |a 1(1963)-16(1979) 
866 0 |a 1(1963)-16(1979) 
082 0 4 |a 620.005  |2 18 
999 f f |i 7baf7ea4-2f38-5b8e-b411-f2711a4b2dad  |s bb1b4cef-a1eb-58f0-902d-97f01467f629 
952 f f |p Can circulate  |a CAVAL  |b CAVAL  |c CAVAL  |d CARM 1 Store  |e D00674  |f A3:AB11E5  |h Other scheme  |i book  |k  1(1963)-16(1979)  |m 0045029